000 00626cam a22002051 4500
008 210127s1978 fr 000 0 fre d
040 _aEG-GiCUC
_bfre
_bEG-GiCUC
092 0 4 _a840.915
_bW321
_221
099 _a04
_a840.915 W321
100 1 _aWassef, Amin Sami
245 1 0 _aPanorama critique de la litterature en france /
_camin sami wassef
260 _aParis :
_bles amis du livre,
_c[1978]
300 _a91 p;
_c19cm.
650 0 _aFrench literature
_xHistory and criticism.
902 _a1
905 _aJihan
_eRev
905 _aNermin
_eCat
942 _2ddc
_cBK
999 _c158842
_d158842